00910nam a2200253 a 4500001001000000003000900010005001700019007000300036008003700039020001500076040002500091082001700116100004100133240003900174245007500213260004700288300002800335490005600363700003500419830006300454942001400517952010800531999001700639000039943DO-SdBNP20211004112804.0ta130731s 1983 sp a 000 0 spa d a8432221899 aDO-SdBNPbspacBNPHU 4aBNPHUbH488v1 aHemingway, Ernest,41899-196196615710aThe old man and the sealespañol13aEl viejo y el mar /cErnest Hemingway ; traducción Lino Novas Calvo. aBarcelona, España :bSeix Barral,c1983. a143 p. :bil. ;c21 cm.1 aObras maestras de la literatura contemporáneav291 aNovas Calvo, Lino,etr.911132 0aObras maestras de la literatura contemporáneav29966158 2ddccLBS1 001050718MOaGRbGRcCTd2013-07-31iLF1l0oxxx p39943-10r2020-06-25w2020-06-25y1ZNo se presta c39433d39433